000
00370nam a2200133Ia 4500
008
151001s9999||||xx |||||||||||||| ||und||
100
_a
वा शि आपटे
245
_a
व्यक्तिमत्व कसे सुधारावे
250
_a
1
260
_b
सरिता प्रकाशन
260
_c
1975
300
_a
104
365
_b
18
999
_c
957664
_d
957661